000 00322nam a22001097a 4500
999 _c15220
_d15220
008 200306b ||||| |||| 00| 0 eng d
245 _aProviding better health services.
260 _aDavao City, Philippines;
_bSunstar Davao,
_c©2019.
300 _apage 13;
_c29.5cm.
650 _aPublic Welfare.
_942005
942 _2ddc
_cPER